The thank you book / (Record no. 47626)
| 000 -LEADER | |
|---|---|
| fixed length control field | 00352nam a2200133 4500 |
| 020 ## - INTERNATIONAL STANDARD BOOK NUMBER | |
| International Standard Book Number | 9781423178286 |
| 100 ## - MAIN ENTRY--PERSONAL NAME | |
| Personal name | Willems, Mo |
| 245 ## - TITLE STATEMENT | |
| Title | The thank you book / |
| Statement of responsibility, etc | Mo Willems |
| 260 ## - PUBLICATION, DISTRIBUTION, ETC. (IMPRINT) | |
| Place of publication, distribution, etc | New York |
| Name of publisher, distributor, etc | Hyperion Books |
| Date of publication, distribution, etc | 2016 |
| 300 ## - PHYSICAL DESCRIPTION | |
| Extent | 57 p. |
| Other physical details | col. ill. |
| Dimensions | 23 cm. |
| 490 ## - SERIES STATEMENT | |
| Series statement | An Elephant & Piggie Book |
| 650 ## - SUBJECT ADDED ENTRY--TOPICAL TERM | |
| Topical term or geographic name as entry element | Story Book |
| 9 (RLIN) | 68345 |
| 942 ## - ADDED ENTRY ELEMENTS (KOHA) | |
| Source of classification or shelving scheme | |
| Koha item type | Book |
| Withdrawn status | Lost status | Source of classification or shelving scheme | Damaged status | Not for loan | Home library | Current library | Shelving location | Date acquired | Total Checkouts | Full call number | Barcode | Date last seen | Date checked out | Price effective from | Koha item type |
|---|---|---|---|---|---|---|---|---|---|---|---|---|---|---|---|
| Asian Hope Early Years Library | Asian Hope Early Years Library | Easy Reading | 10/18/2024 | 19 | E WIL | 206847 | 04/30/2026 | 04/23/2026 | 10/18/2024 | Book |